000 02248nam a22002417a 4500
005 20220712140158.0
008 220712b ||||| |||| 00| 0 eng d
020 _a9780143441328
040 _cAloy
041 _aeng
082 _223
_a324.2092
_bPAUD
100 _aShutapa Paul
_948342
245 _aDidi: the untold Mamatha Banerjee
260 _aUSA
_bPenguin Books
_c2018
300 _axvii,228p.
_bPB
_c20x13cm.
365 _2Political Science
_a2646
_b239.00
_c
_d299.00
_e20%
_f06-07-2022
520 _aMamata Banerjee, with her unique style of politics, was able to defeat the formidable three-decade-old Left Front Government in 2011. Exploring her struggles and achievements, Didi opens a window to the life and times of one of the most dynamic politicians of our country.'The general elections of 2019 can see [Mamata Banerjee] play kingmaker . . . She is the only regional leader who can claim to have that kind of clout. Jayalalithaa is no more and Nitish Kumar has changed over to the NDA. The year 2018 also witnessed the demise of another pedagogue of Dravidian politics, K. Karunanidhi. With the Congress showing signs of resurgence, and regional parties agreeing to forge a Federal Front, Mamata is more than aware that if she gets her electoral mathematics right, she could play a decisive role in the next Lok Sabha polls-maybe even stand a chance at prime ministership.'Mamata Banerjee, with her unique style of politics, was able to defeat the formidable three-decade-old Left Front Government in 2011. Exploring her struggles and achievements, Didi opens a window to the life and times of one of the most dynamic politicians of our country.'The general elections of 2019 can see [Mamata Banerjee] play kingmaker . . . She is the only regional leader who can claim to have that kind of clout. Jayalalithaa is no more and Nitish Kumar has changed over to the NDA. The year 2018 also witnessed the demise of another pedagogue of Dravidian politics, K. Karunanidhi. With the Congress showing signs of resurgence, and regional parties agreeing to forge.
650 _aBiography
_948227
650 _aWomen Chief Minister
_948228
650 _aPolitical Leader
_948229
700 _aPAUL (Shutapa)
_948230
942 _2ddc
_cBK
999 _c223705
_d223705